00972nam a2200265Ia 4500001000600000003000500006008004100011010001100052040000900063090001600072100003900088245015500127260004100282300001700323502008100340650004800421650003400469901001600503902000600519910000900525942000600534942000600540999001900546952014100565Z_589CHAP220113s1949 xx 000 0 und d a163699 cCHAP aTesis P 585 aPeña de los Santos, Julio986777 aTransformación de una zona ganadera a una agrícola, en el Edo. de Veracruz, Municipio de Martínez de la Torre /cpor Julio Peña de los Santos aChapingo, Méx. :bEl autor,c1949 a48 h.; ilus. aTesis (Ing. Agrónomo Esp. en Ganadería -- ENA. Departamento de Zootecnia aAgriculturaxPlaneaciónxVeracruz9137822 aSistemas de cultivos 9137823 aTESIS P 585 aM a1949 c2 c2 c163699d163699 00102local4051708TESISaZbZd2005-11-09eEl autorl0oTesis P43 585 1949p5101000808r2022-01-18 00:00:00tEj.1w2022-01-18yTESIS